000 00749nab a2200229 4500
003 BR-BrBNA
005 20250521170914.0
008 250521b bl.||||| |||| 00| 0 por d
040 _aBR-BrBNA
_bpor
072 _aF01 ; E13 ; F30
_b0120
100 _aNetto, Ibiapaba
245 _aPioneer e o milho do futuro
_bAgronegócios
500 _a3 illus.
650 _aMILHO
650 _aINVESTIMENTO
650 _aTRANSGENIA
650 _aVARIEDADE TOLERANTE
650 _aVARIEDADE RESISTENTE
773 0 _01706
_9347869
_dSão Paulo-SP Editora Três Ltda - E-mail: luizfsa@revistadinheiro.com.br 2004
_o2025-0370
_tDinheiro Rural (Brazil)
_x1807-3700
_gv. 5(41) p. 42-44; (Mar 2008)
_wBR2025001165
942 _cANA
999 _c331644
_d331644